Statistics for Bay of Plenty Islands with a Map

Click here to take the quiz!

General Stats

  • This quiz has been taken 40 times
  • The average score is 4 of 8

Answer Stats

Area Island % Correct
18.72 km2Great Mercury Island
73%
3.25 km2White Island
73%
13.0 km2Mayor Island
64%
60.7 km2Matakana Island
45%
10.0 km2Motiti Island
45%
2.25 km2Red Mercury Island
45%
2.68 km2Slipper Island
36%
2.67 km2Rangiwaea Island
9%

Score Distribution

Percentile by Number Answered

Percent of People with Each Score

Your Score History

You have not taken this quiz